|
|
|
|
| LEADER |
01201nam a2200325 a 4500 |
| 001 |
39106 |
| 003 |
BD-DhAAL |
| 005 |
20220719140222.0 |
| 008 |
220719t1994 nyu b 000 0 eng d |
| 999 |
|
|
|c 44594
|d 44594
|
| 010 |
|
|
|a 94034349
|
| 020 |
|
|
|a 0679429948 :
|c $18.00 ($25.00 Can.)
|
| 040 |
|
|
|a DLC
|c DLC
|d DLC
|d BD-DhAAL
|
| 043 |
|
|
|a n-us---
|
| 050 |
0 |
0 |
|a KF384
|b .H69 1994
|
| 082 |
0 |
0 |
|a 349.73
|
| 100 |
1 |
|
|a Howard, Philip K.
|9 49977
|
| 245 |
1 |
4 |
|a The death of common sense :
|b how law is suffocating America /
|c Philip K. Howard.
|
| 250 |
|
|
|a First edition
|
| 260 |
|
|
|a New York :
|b Random House,
|c c1994.
|
| 300 |
|
|
|a 202 pages ;
|c 22 cm.
|
| 504 |
|
|
|a Includes bibliographical references (pages [191]-202).
|
| 541 |
|
|
|a Donated By Akbar Ali Khan
|e 39106
|
| 650 |
|
0 |
|a Law
|z United States.
|9 49978
|
| 650 |
|
0 |
|a Law reform
|z United States.
|9 49979
|
| 650 |
|
0 |
|a Bureaucracy
|z United States.
|9 49980
|
| 650 |
|
0 |
|a Common sense.
|9 49981
|
| 852 |
|
|
|a Ayesha Abed Library
|c Akbar Ali Khan Collection
|
| 942 |
|
|
|2 ddc
|c BK
|
| 952 |
|
|
|0 0
|1 0
|2 ddc
|4 0
|6 349_730000000000000_HOW
|7 1
|9 71286
|a BRACUL
|b BRACUL
|c AAKC
|d 2022-07-19
|e Donated by Akbar Ali Khan
|l 0
|o 349.73 HOW
|p 3010039106
|r 2022-07-19
|t 1
|w 2022-07-19
|y BK
|